Report of the sub-group on small scale industries (Record no. 497591)

000 -LEADER
fixed length control field 00429cam a22001097a 4500
008 - FIXED-LENGTH DATA ELEMENTS--GENERAL INFORMATION
fixed length control field 180718b1965 xxu||||| |||| 00| 0 eng d
082 ## - DEWEY DECIMAL CLASSIFICATION NUMBER
Classification number T2196x54 In2s/1965
245 ## - TITLE STATEMENT
Title Report of the sub-group on small scale industries
Statement of responsibility, etc. by Ministry of Industry & Supply, Department of Industry, Delhi
260 ## - PUBLICATION, DISTRIBUTION, ETC.
Place of publication, distribution, etc. New Delhi
Name of publisher, distributor, etc. Government of India
Date of publication, distribution, etc. 1965
300 ## - PHYSICAL DESCRIPTION
Extent v, 347p
700 ## - ADDED ENTRY--PERSONAL NAME
Personal name India. Department of Industry, Ministry of Industry & Supply
Holdings
Withdrawn status Lost status Damaged status Not for loan Permanent Location Current Location Date acquired Full call number Barcode Date last seen Price effective from Koha item type
        Indian Institute of Public Administration Indian Institute of Public Administration 2018-08-04 T2196x54 In2s/1965 G8270 2018-08-04 2018-08-04 G

Powered by Koha